000 00288nam a22001337a 4500
020 _a978-184646-085-2
082 _a823
_bLAD/E
100 _aLADY BIRD
245 _aTHE ELVES AND THE MAKER
260 _aUK
_bLADY, BIRD
300 _a45
650 _aENGLISH SHORT STORY
_zUK
942 _cBK
999 _c2137
_d2137